000 00296nam a22001217a 4500
082 _a540
_bKAP/OV2
100 _aP.N.KAPIL
245 _aOBJECTIVE CHEMISTRY ORAGANIC CHEMISTRY
_bCLASS XII
260 _aDELHI
_bS.DINESH & CO
300 _a971
650 _aCHEMISTRY FOR CLASS XII
_zINDIA
942 _cBK
999 _c705
_d705